000 00538nam a22001817a 4500
003 UA-OsUOA
001 7631
007 ta
008 20040623b un ||||| |||| 00| 0 ukr d
100 _aБаштега Р.
942 _cSA
040 _aUA-OsUOA
_cUA-OsUOA
_dUA-OsUOA
245 _aОхорона таємниці сповіді у кримінальному судочинстві
300 _aС.86-87
955 _a0
773 0 _w0
_tПраво України
_dКиїв
_d2004
_gN6
650 7 _aКримінальне право
_2UDC
999 _c293792
_d293792